100 Réalisateurs - Statistiques

Statistiques générales
  • Ce quiz a été pris 493 fois
  • Le résultat moyen est 55 sur 100
Statistiques - réponses
Œuvres Auteur % Correct
Reservoir Dogs, Pulp Fiction, Django Unchained Quentin Tarantino
97%
Titanic, Avatar, Terminator James Cameron
95%
E.T. l'Extraterrestre, Les Dents de la Mer, Jurassic Park Steven Spielberg
95%
Shining, Orange Mécanique, Full Metal Jacket Stanley Kubrick
93%
Inception, Interstellar, Dunkerque Christopher Nolan
88%
Le Parrain, Dracula, Apocalypse Now Francis Ford Coppola
88%
Les Affranchis, Taxi Driver, Le Loup de Wall Street Martin Scorsese
88%
Psychose, Sueurs Froides, Les Oiseaux Alfred Hitchcock
86%
Le Grand Bleu, Léon, Le Cinquième Elément Luc Besson
86%
Lost in Translation, Marie-Antoinette, Virgin Suicides Sofia Coppola
85%
Million Dollar Baby, Lettres d'Iwo Jima, Sur la Route de Madison Clint Eastwood
83%
Fight Club, Gone Girl, Seven David Fincher
83%
Edward aux Mains d'Argent, Beetlejuice, Big Fish Tim Burton
81%
Le Bon la Brute et le Truand, Il était une Fois dans l'Ouest, Pour une Poignée de Dollars Sergio Leone
80%
Astérix et Obélix : Mission Cléopâtre, Didier, RRRrrrr!!! Alain Chabat
79%
La Haine, Les Rivières Pourpres, Babylon A.D. Mathieu Kassovitz
77%
Le Seigneur des Anneaux, Le Hobbit, Braindead Peter Jackson
77%
Alien le Huitième Passager, Prometheus, Blade Runner Ridley Scott
76%
Le Pianiste, Rosemary's Baby, Oliver Twist Roman Polanski
76%
The Grand Budapest Hotel, Moonrise Kingdom, La Famille Tenenbaum Wes Anderson
76%
La La Land, Whiplash, 10 Cloverfield Lane Damien Chazelle
75%
Mulholland Drive, Dune, Blue Velvet David Lynch
75%
La Guerre des Etoiles, American Graffiti, THX 1138 George Lucas
75%
Retour vers le Futur, Forrest Gump, Seul au Monde Robert Zemeckis
73%
Top Gun, True Romance, Unstoppable Tony Scott
73%
La Plage, Les Petits Mouchoirs, Jeux d'Enfants Guillaume Canet
71%
Volver, Parle avec Elle, Tout sur ma Mère Pedro Almodovar
71%
A Bout de Souffle, Le Mépris, Pierrot le Fou Jean-Luc Godard
69%
Citizen Kane, Othello, La Dame de Shanghaï Orson Welles
69%
Fargo, No Country for Old Men, The Big Lebowski Joel et Ethan Coen
66%
The Artist, OSS 117, La Classe Américaine Michel Hazanavicius
66%
Scarface, Mission Impossible, Carrie Brian de Palma
64%
Premier Contact, Prisoners, Blade Runner 2049 Denis Villeneuve
64%
Annie Hall, Vicky Cristina Barcelona, Minuit à Paris Woody Allen
63%
Parasite, Okja, Snowpiercer Bong Joon-ho
61%
Le Fabuleux Destin d'Amélie Poulain, Delicatessen, Un Long Dimanche de Fiançailles Jean-Pierre Jeunet
61%
Mommy, Les Amours Imaginaires, J'ai tué ma mère Xavier Dolan
61%
Jules et Jim, La Mariée était en Noir, Le Dernier Métro François Truffaut
57%
Hellboy, Le Labyrinthe de Pan, Pacific Rim Guillermo del Toro
57%
Nymphomaniac, Antichrist, Melancholia Lars von Trier
57%
Incassable, Signes, Sixième Sens M. Night Shyamalan
56%
Les Sept Samouraïs, Rashomon, Vivre Akira Kurosawa
55%
La Dolce Vita, Huit et Demi, Amarcord Federico Fellini
55%
Sept Ans au Tibet, Le Nom de la Rose, L'Ours Jean-Jacques Annaud
55%
Heat, Public Enemies, Le Dernier des Mohicans Michael Mann
55%
Vidéodrome, Scanners, La Mouche David Cronenberg
54%
Requiem for a Dream, Noé, Black Swan Darren Aronofsky
53%
Armageddon, Bad Boys, Transformers Michael Bay
53%
Evil Dead, Spider-Man, Darkman Sam Raimi
53%
Gravity, Les Fils de l'Homme, La Petite Princesse Alfonso Cuaron
52%
Matrix, V pour Vendetta, Cloud Atlas Lana & Lilly Wachowski
52%
Amadeus, Man on the Moon, Larry Flynt Milos Forman
52%
La Ligne Verte, Les Evadés, The Mist Frank Darabont
51%
Will Hunting, Elephant, My Own Private Idaho Gus Van Sant
51%
La Chose, La Nuit des Masques, New York 1997 John Carpenter
51%
Amour, Le Ruban Blanc, Funny Games Michael Haneke
50%
Platoon, JFK, Tueurs Nés Oliver Stone
50%
Joker, Very Bad Trip, War Dogs Todd Phillips
50%
Scream, Les Griffes de la Nuit, La Colline a des Yeux Wes Craven
50%
La Vie d'Adèle, La Graine et le Mulet, L'Esquive Abdellatif Kechiche
49%
Birdman, The Revenant, Babel Alejandro Gonzalez Inarritu
49%
Trainspotting, Slumdog Millionnaire, 127 Heures Danny Boyle
49%
Tigre et Dragon, L'Odyssée de Pi, Le Secret de Brokeback Mountain Ang Lee
48%
Les Valseuses, Buffet Froid, Tenue de Soirée Bertrand Blier
47%
Un Air de Famille, L'Auberge Espagnole, Le Péril Jeune Cédric Klapisch
47%
Total Recall, RoboCop, Basic Instinct Paul Verhoeven
47%
Le Septième Sceau, Persona, Le Silence Ingmar Bergman
45%
La Leçon de Piano, Bright Star, Sweetie Jane Campion
45%
Le Cercle des Poètes Disparus, The Truman Show, Witness Peter Weir
45%
Brazil, L'Armée des 12 Singes, Las Vegas Parano Terry Gilliam
45%
Arnaques Crimes et Botanique, Sherlock Holmes, Snatch Guy Ritchie
43%
Les Bronzés, La Fille sur le Pont, Ridicule Patrice Leconte
42%
Ocean's Eleven, Erin Brockovich, Sexe Mensonges & Vidéo Steven Soderbergh
42%
La Grande Vadrouille, Le Corniaud, L'As des As Gérard Oury
40%
Le Silence des Agneaux, Philadephia, Ricki and the Flash Jonathan Demme
40%
300, Watchmen, Man of Steel Zack Snyder
40%
Point Break, Démineurs, Zero Dark Thirty Kathryn Bigelow
39%
Usual Suspects, X-Men, Bohemian Rhapsody Bryan Singer
38%
Maman j'ai raté l'Avion, Madame Doubtfire, Pixels Chris Columbus
38%
Shaun of the Dead, Scott Pilgrim vs. the World, Baby Driver Edgar Wright
38%
Le Dîner de Cons, Le Placard, La Chèvre Francis Veber
37%
Les Visiteurs, Le Père Noël est une Ordure, Papy fait de la Résistance Jean-Marie Poiré
37%
Sin City, Desperado, Alita Battle Angel Robert Rodriguez
37%
Independance Day, Le Jour d'Après, 2012 Roland Emmerich
37%
Les Sous-Doués, Les Ripoux, Astérix & Obélix contre César Claude Zidi
35%
Dans la Peau de John Malkovich, Her, Jackass the Movie Spike Jonze
35%
Drive, The Neon Demon, Too Old to Die Young Nicolas Winding Refn
34%
Tootsie, Out of Africa, Les Trois Jours du Condor Sydney Pollack
34%
Le Cuirassé Potemkine, Alexandre Nevski, Ivan le Terrible Sergueï Eisenstein
33%
Z, Missing, L'Aveu Costas-Gavras
32%
Da Vinci Code, Un Homme d'Exception, Le Grinch Ron Howard
31%
Le Voleur de Bicyclette, Sciuscià, Le Jardin des Finzi-Contini Vittorio De Sica
30%
Haute Tension, Horns, Maniac Alexandre Aja
29%
Le Transporteur, Insaisissables, Danny the Dog Louis Leterrier
27%
Massacre à la Tronçonneuse, Poltergeist, Lifeforce Tobe Hooper
26%
Predator, Piège de Cristal, Last Action Hero John McTiernan
25%
Rio Bravo, Le Port de l'Angoisse, Le Grand Sommeil Howard Hawks
23%
American Bluff, Happiness Therapy, Joy David O. Russell
16%
Un Ticket pour Deux, The Breakfast Club, La Folle Journée de Ferris Bueller John Hughes
16%
Postal, Alone in the Dark, House of the Dead Uwe Boll
16%
Aucun quiz correspondant
Distribution des résultats
% des personnes avec chaque résultat
Percentile par nombre de réponses
Votre historique - résultats
Vous n’avez pas pris ce quiz